LEADER 02680nam 2200637 450 001 9910451030803321 005 20200520144314.0 010 $a1-58053-872-X 035 $a(CKB)1000000000340580 035 $a(EBL)227696 035 $a(OCoLC)63045717 035 $a(SSID)ssj0000182731 035 $a(PQKBManifestationID)11156115 035 $a(PQKBTitleCode)TC0000182731 035 $a(PQKBWorkID)10172303 035 $a(PQKB)10548485 035 $a(MiAaPQ)EBC227696 035 $a(Au-PeEL)EBL227696 035 $a(CaPaEBR)ebr10081913 035 $a(OCoLC)57033175 035 $a(CaBNVSL)mat09100712 035 $a(IEEE)9100712 035 $a(EXLCZ)991000000000340580 100 $a20200729d2004 uy 101 0 $aeng 135 $aur|n|---||||| 181 $ctxt 182 $cc 183 $acr 200 10$aIntroduction to microelectromechanical microwave systems /$fHe?ctor J. de los Santos 205 $a2nd ed. 210 1$aBoston :$cArtech House,$dİ2004. 210 2$a[Piscataqay, New Jersey] :$cIEEE Xplore,$d[2004] 215 $a1 online resource (235 p.) 225 1 $aArtech House MEMS and sensors library 300 $aDescription based upon print version of record. 311 $a1-58053-871-1 320 $aIncludes bibliographical references and index. 327 $aIntroduction to Microelectromechanical Microwave Systems; Contents; Preface xi; Acknowledgments xxi; 1 Microelectromechanical Systems 1; 2 Fundamental MEMS Device Physics 25; 3 Fundamental MEMS Devices: The MEM Switch 59; 4 Fundamental MEMS Devices: The MEM Resonator 87; 5 Microwave MEMS Applications 121; 6 MEMS-Based Microwave Circuits and Systems 173; Glossary 209; About the Author 211; Index 213 330 8 $aAnnotation The second edition covers the latest in fabrication technologies, actuation mechanisms, packaging, switching, resonator design, and microwave and wireless applications. This practical book steers readers past the drawbacks and towards the benefits of integrating RF/microwave MEMS into communications equipment. 410 0$aArtech House MEMS and sensors library. 410 0$aMicroelectromechanical systems series. 606 $aMicrowave devices 606 $aMicroelectromechanical systems 608 $aElectronic books. 615 0$aMicrowave devices. 615 0$aMicroelectromechanical systems. 676 $a621.381/3 700 $aSantos$b He?ctor J. de los$0720916 801 0$bCaBNVSL 801 1$bCaBNVSL 801 2$bCaBNVSL 906 $aBOOK 912 $a9910451030803321 996 $aIntroduction to microelectromechanical microwave systems$92170334 997 $aUNINA LEADER 03211nam2 2200397 i 450 001 RAV0226346 005 20251003044327.0 010 $a8820719703 010 $a9788820719708$b12. rist. 2007 020 $aIT$b942010 100 $a19931021d1991 ||||0itac50 ba 101 | $aita 102 $ait 181 1$6z01$ai $bxxxe 182 1$6z01$an 183 1$6z01$anc$2RDAcarrier 200 0 $a1.1$fA. Alvino, L. Carbone, G. Trombetti 210 $aNapoli$cLiguori$d1991 215 $aIV, 486 p.$d24 cm. 461 1$1001BVE0042760$12001 $aEsercitazioni di matematica$fA. Alvino, L. Carbone, G. Trombetti$v1.1 606 $aMatematica$xManuali$2FIR$3SBLC136075$9E 606 $aAnalisi matematica$xEsercizi$2FIR$3CFIC000581$9E 606 $aMatematica$xEsercizi$2FIR$3CFIC006232$9E 676 $a515$9ANALISI MATEMATICA$v14 676 $a515.076$9Analisi. Prontuari scolastici ed esercizi$v14 676 $a515.076$9ANALISI MATEMATICA. Prontuari ed esercizi$v21 676 $a515.076$9Analisi. Prontuari ed esercizi$v22 801 3$aIT$bIT-000000$c19931021 850 $aIT-BN0095 $aIT-NA0299 $aIT-AV0007 $aIT-NA0079 $aIT-NA0070 901 $bNAP BN$cMAGAZZINO $nmagazzini correnti divisi per anni 901 $bNAP AG$cI $n$ 912 $aRAV0226346 950 2$aBiblioteca Centralizzata di Ateneo$d 0104-LT 515 ALV es(1.1$e 0104 0000011125 VMA (1.1 v. 1.1$fB $h20080925$i20080925$c1 v.$d 01M/S (C) 00 1877$e 01C 0080018775 VMA 1 v.$fY $h20130724$i20130724$d 01M/S (AR) 26 537$e 01AR 0700265375 VMA A4 1 v.$fY $h20240125$i20240125$cv. 1.1-1.2 in otto copie$d 01SALA DING 515.076 ALV.es$e 0102 0000090565 VMA A41.1 v. 1.1 (6. rist. 2010)$fY $h20111202$i20111207$cv. 1.1-1.2 in otto copie$d 01SALA DING 515.076 ALV.es$e 0102 0000090575 VMA A41.1bis v. 1.1 (6. rist. 2010; 2. copia)$fY $h20111202$i20111207$cv. 1.1-1.2 in otto copie$d 01SALA DING 515.076 ALV.es$e 0102 0000090585 VMA A41.1ter v. 1.1 (6. rist. 2010; 3. copia)$fY $h20111202$i20111207$cv. 1.1-1.2 in otto copie$d 01SALA DING 515.076 ALV.es$e 0102 0000096905 VMA A4(1.1quater v. 1.1 (6. rist. 2010;4. copia)$fY $h20130917$i20130917$cv. 1.1-1.2 in otto copie$d 01SALA DING 515.076 ALV.es$e 0102 0000096915 VMA A4(1.1quinquies v. 1.1 (6. rist. 2010;5. copia)$fY $h20130917$i20130917$cv. 1.1-1.2 in otto copie$d 01SALA DING 515.076 ALV.es$e 0102 0000096925 VMA A4(1.1sexies v. 1.1 (6. rist. 2010;6. copia)$fY $h20130917$i20130917$cv. 1.1-1.2 in otto copie$d 01SALA DING 515.076 ALV.es$e 0102 0000096935 VMA A4(1.1septies v. 1.1 (5. rist. 2007;7. copia)$fY $h20130917$i20130917$cv. 1.1-1.2 in otto copie$d 01SALA DING 515.076 ALV.es$e 0102 0000096945 VMA A4(1.1octies v. 1.1(5. rist. 2007;8. copia)$fY $h20130917$i20130917 977 $a 01$a AG$a AV$a BN$a BU 996 $a1.1$970121 997 $aUNISANNIO